| 000 | 00905cam a2200205 4500 | ||
|---|---|---|---|
| 001 | WB3814-22 | ||
| 008 | 020418n2002 000 0 eng u | ||
| 035 | _a(Sirsi) u117574 | ||
| 245 | _aRegeneration of south-east Wales | ||
| 260 | _c2002 | ||
| 490 |
_aNational Assembly for Wales Press Release _v 18 April 2002 |
||
| 520 | _aRegeneration worth £17m is announced for parts of south-east Wales most affected by job cuts. The news follows a report from the five counties including Caerphilly and Monmouthshire submitted to the assembly which contains plans for a joint regeneration framework. For press release: http://www.wales.gov.uk/newsite.dbs?37E752F2000942E000000A2E00000000+current+3CBE8B9100016708000005CA00000000 | ||
| 590 | _aWB | ||
| 650 | _aWALES | ||
| 650 | _aEMPLOYMENT MARKET | ||
| 650 | _aWELSH ASSEMBLY | ||
| 650 | _aREGENERATION FORUM | ||
| 690 | _aREGENERATION | ||
| 942 | _n0 | ||
| 999 |
_c70016 _d70016 |
||